| 000 | 00560pam a2200217 a 4500 | ||
|---|---|---|---|
| 001 | 2824450 | ||
| 005 | 20180205073955.0 | ||
| 008 | 831109s1984 nyua b 001 0 eng | ||
| 010 | _a 83023407 | ||
| 020 | _a0442209622 | ||
| 040 |
_aDLC _cDLC _dDLC |
||
| 041 | _aeng | ||
| 080 | _a658.4 | ||
| 082 | 0 | 0 |
_a658.4 GUI _219 |
| 100 | 1 | _a54 | |
| 101 | _aLID | ||
| 245 | 1 | 0 |
_aManaging by negotiations / _cby Earl Brooks and George S. Odiorne. |
| 504 | _aBibliography: p. 215-217. | ||
| 906 |
_a7 _bcbc _corignew _d1 _eocip _f19 _gy-gencatlg |
||
| 942 |
_2ddc _cBK |
||
| 999 |
_c41777 _d41777 |
||